000 00358 a2200157 4500
001 61168
020 _a3126752470
040 _cAnchieta - Pituba
100 _aMartini, Maddalena
240 1 0 _aGeneration E
_lpor
245 1 0 _aGeneration E
300 _a175
362 0 _a2005
650 4 _aLínguas germânicas (teutônicas) língua alemã
942 _cBK
999 _c61168
_d61168